000 00627nam a2200193Ia 4500
005 20250423095740.0
008 250422s9999 xx 000 0 und d
020 _a0071180117
050 _aPE 1128 .T325/
100 _aTanka, Judith
245 0 _aInteractions : listening/speaking
250 _a4th ed.
260 _aNew York
260 _bMcGraw Hill
260 _c2002
300 _a352 p
650 _aEnglish language _ Textbooks for foreign speakers English language _ Spoken English _ Problems, exercises, etc. Oral communication _ Problems, exercises, etc. Listening _ Problems, exercises, etc.
942 _cBK
999 _c31214
_d31214